000 00562cam a22001697a 4500
008 180718b2008 xxu||||| |||| 00| 0 eng d
020 _a9780199231430
082 _aT1 Eb66
245 _aThe institutions of the market: organizations, social systems, and governance
_cedited by Alexander Ebner and Nikolaus Beck
260 _aNew Delhi
_bOxford Univ. Press
_c2008
300 _a412p.
650 _aEconomics - Social aspects
650 _aEvolutionary economics
650 _aInstitutional economics
700 _aBeck, Nikolous
700 _aEbner, Alexander
999 _c407943
_d407943